| 000 | 01223cam a22003377a 4500 | ||
|---|---|---|---|
| 003 | CHAP | ||
| 005 | 20220329142404.0 | ||
| 008 | 001108d2000 mx o r 00110 spa d | ||
| 010 | _a82756 | ||
| 011 | _a83728 | ||
| 035 | _a94244 | ||
| 040 | _cCHAP | ||
| 090 | _aTesis | ||
| 100 | 0 | 0 |
_aRomán Vázquez, Reynaldo. _999763 |
| 245 | 1 | 0 |
_aSeparación e identificación de mezclas e infecciones virales en clones internacionales de papa (Solanum tuberosum L.) _c/por Reynaldo Román Vázquez. |
| 260 |
_aChapingo, Méx. : _bEl autor, _c2000. |
||
| 300 |
_a55 h. : _bfots.; gráfs. |
||
| 502 | _aTesis (Ing. Agr. Esp. en Parasitología Agrícola) -- UACH. Departamento de Parasitología Agrícola. | ||
| 590 |
_aALEPH _b10 _c20130110 _lUCH01 _h1439 |
||
| 590 |
_aBATCH-UPD _b10 _c20130110 _lUCH01 _h0815 |
||
| 590 |
_aBATCH-UPD _b10 _c20130410 _lUCH01 _h0452 |
||
| 590 |
_aBATCH-UPD _b10 _c20130914 _lUCH01 _h0950 |
||
| 590 |
_aCONVERSION _b10 _c20130109 _lUCH01 _h1346 |
||
| 650 | 1 | 4 |
_aClones. _923894 |
| 650 | 1 | 4 |
_aPapa _xEnfermedades por virus. _985231 |
| 901 | _aBK | ||
| 905 | _aEdna Luz | ||
| 942 | _cFOLL | ||
| 949 |
_bBC _cTES _d33724000802989 _eTS2 _fc.2 _h37382 _i94244 _sb |
||
| 949 |
_bBC _cTES _d942441 _eTS1 _h37381 _i94244 _sb |
||
| 999 |
_c82756 _d82756 |
||